000 00727nam a22002297a 4500
003 UA-OsUOA
001 97007
007 ta
008 20130325b un ||||| |||| 00| 0 ukr d
100 _aМамин-Сибиряк Д.
090 _a821.161.1
_bМ22
942 _cBK
040 _aUA-OsUOA
_brus
_cUA-OsUOA
_dUA-OsUOA
245 _aСобрание сочинений в шести томах
_bТ.6
_cХлеб. Рассказы и сказки для детей
300 _a606 с.
955 _a3
041 _arus
080 _a821.161.1
260 _aМ.
_bХудожественная литература
_c1981
650 7 _a82 Література. Літературознавство
_2UDC
999 _c383255
_d383255